| 000 | 00564nam a22002297a 4500 | ||
|---|---|---|---|
| 001 | 64097 | ||
| 003 | UA-OsUOA | ||
| 005 | 20220515185743.0 | ||
| 007 | ta | ||
| 008 | 20091029b un ||||| |||| 00| 0 ukr d | ||
| 040 |
_aUA-OsUOA _brus _cUA-OsUOA _dUA-OsUOA |
||
| 041 | _arus | ||
| 080 | _a725.31(470+571) | ||
| 090 |
_a725.31(470+571) _bР93 |
||
| 100 | _aРыжков К. | ||
| 245 | _aМосковский метрополитен | ||
| 260 |
_aМ. _c1954 |
||
| 300 | _a170 с. | ||
| 650 | 7 |
_a72 Архітектура _2UDC |
|
| 942 |
_cBK _2udc |
||
| 955 | _a2 | ||
| 999 |
_c350272 _d350272 |
||